[Event "Tch-SLO League"]
[Site "Rogaska Slatina SLO"]
[Date "2009.12.13"]
[Round "4"]
[White "Kryvoruchko,Y"]
[Black "Ribli,Z"]
[Result "1-0"]
[WhiteElo "2602"]
[BlackElo "2559"]

1.e4 c5 2.Nf3 e6 3.d4 cxd4 4.Nxd4 Nc6 5.Nc3 Qc7 6.Be3 a6 7.Qd2 Nf6 8.O-O-O Bb4
9.f3 Ne5 10.Nb3 b5 11.Qe1 Be7 12.f4 Ng6 13.e5 Ng4 14.Ne4 O-O 15.Bc5 Bb7 16.Bxe7 Nxe7
17.Bd3 f5 18.Nd6 Bxg2 19.Rg1 Bd5 20.h3 Nh6 21.Qg3 Ng6 22.h4 Ng4 23.h5 Ne7
24.Be2 Rac8 25.Rd2 Bxb3 26.Nxc8 Rxc8 27.Qxb3 Nd5 28.Bxg4 fxg4 29.Rxg4  1-0

[Event "Open Ch-Skopje"]
[Site "Skopje MKD"]
[Date "2009.12.14"]
[Round "3"]
[White "Dimov,Dani"]
[Black "Andonovski,L"]
[Result "0-1"]
[WhiteElo "2008"]
[BlackElo "2278"]

1.e4 c5 2.Nf3 e6 3.d4 cxd4 4.Nxd4 Nc6 5.Nc3 Qc7 6.Ncb5 Qb8 7.Be3 Nf6 8.f3 d5
9.exd5 Nxd5 10.Bf2 Qe5+ 11.Be2 a6 12.Bg3 Qg5 13.Nxc6 bxc6 14.Nc7+ Nxc7 15.Bxc7 Ra7
16.Bg3 Rd7 17.Qc1 Qa5+ 18.c3 Qb6 19.Bf2 Bc5 20.O-O O-O 21.Qc2 Rfd8 22.Rad1 Bxf2+
23.Rxf2 Rxd1+ 24.Bxd1 a5 25.b3 Qe3 26.Kf1 c5 27.c4 Bb7 28.Qe2 Qc1 29.Ke1 g6
30.Qc2 Qe3+ 31.Qe2 Qc3+ 32.Kf1 Qc1 33.Ke1 Rd4 34.Qc2 Qe3+ 35.Be2 e5 36.g3 h5
37.h4 e4 38.f4 Qxg3  0-1

[Event "London Classic FIDE Open"]
[Site "London ENG"]
[Date "2009.12.15"]
[Round "9"]
[White "Tarun,Malhotra"]
[Black "Quinn,Joh"]
[Result "1/2-1/2"]
[WhiteElo "1734"]
[BlackElo "2161"]

1.e4 c5 2.Nf3 e6 3.d4 cxd4 4.Nxd4 Nc6 5.Nc3 Qc7 6.Be3 a6 7.Bd3 Nf6 8.O-O Ne5
9.h3 d6 10.Rc1 b5 11.f4 Ng6 12.f5 Ne5 13.a3 Be7 14.Qe2 O-O 15.g4 d5 16.Bf2 dxe4
17.Nxe4 Nxe4 18.Bxe4 Rb8 19.fxe6 Bxe6 20.Nxe6 fxe6 21.Rfe1 Nc4 22.Bg2 Rxf2
23.Qxe6+ Kf8 24.Kxf2 Bh4+ 25.Kg1 Bxe1 26.Rxe1 Qb6+ 27.Qxb6 Rxb6 28.Rf1+ Ke7
29.Re1+ Kf6 30.b3 Nxa3 31.Be4 g6 32.Kf2 b4 33.Bd3 Nb5 34.Ra1 Nc7 35.Ra5 h6
36.h4 Nb5 37.Bxb5 axb5 38.Ke3 Ke5 39.Ra8 Rc6 40.Re8+ Kf6 41.Kd2 Rd6+ 42.Ke3 Rc6
43.Kd2 Re6 44.Rf8+ Ke5 45.Rf3 Rc6 46.g5 hxg5 47.hxg5 Rd6+ 48.Ke2 Rc6 49.Kd2  1/2-1/2

[Event "Tch-SLO League"]
[Site "Rogaska Slatina SLO"]
[Date "2009.12.15"]
[Round "8"]
[White "Kovacevic,A"]
[Black "Ribli,Z"]
[Result "1/2-1/2"]
[WhiteElo "2558"]
[BlackElo "2559"]

1.e4 c5 2.Nf3 e6 3.d4 cxd4 4.Nxd4 Nc6 5.Nc3 Qc7 6.Be2 a6 7.O-O Nf6 8.Be3 Be7
9.f4 d6 10.a4 O-O 11.Kh1 Re8 12.Bf3 Bf8 13.Qd2 Rb8 14.Rad1 e5 15.Nde2 b5
16.axb5 axb5 17.fxe5 Nxe5 18.Bg5 b4 19.Na2 Qa5  1/2-1/2

[Event "Open Ch-Skopje"]
[Site "Skopje MKD"]
[Date "2009.12.15"]
[Round "4"]
[White "Stojanovski,D"]
[Black "Ilic,Ljubo"]
[Result "1-0"]
[WhiteElo "2436"]
[BlackElo "2257"]

1.e4 c5 2.Nf3 e6 3.Nc3 Nc6 4.d4 cxd4 5.Nxd4 a6 6.Nb3 Nf6 7.Bd3 Qc7 8.O-O b5
9.a3 Bb7 10.f4 d6 11.Qf3 Be7 12.Bd2 O-O 13.Qh3 g6 14.f5 exf5 15.exf5 Ne5
16.Rae1 Rfe8 17.Kh1 Nxd3 18.cxd3 Nh5 19.Ne4 Bxe4 20.dxe4 Qb7 21.Na5 Qb6 22.b4 Rac8
23.Qf3 Nf6 24.Bc3 Rf8 25.e5 dxe5 26.Bxe5 h5 27.h3 Kh7 28.Ba1 Ng8 29.Qd5 Qd6
30.fxg6+ fxg6 31.Rf7+ Rxf7 32.Qxf7+ Kh6 33.Bg7+ Kg5 34.Re5+  1-0

[Event "9th Amplico Life Rapid"]
[Site "Warsaw POL"]
[Date "2009.12.19"]
[Round "5"]
[White "Socko,B"]
[Black "Rajlich,I"]
[Result "1-0"]
[WhiteElo "2643"]
[BlackElo "2457"]

1.e4 c5 2.Nf3 e6 3.d4 cxd4 4.Nxd4 Nc6 5.Nc3 Qc7 6.Be3 a6 7.Be2 Nf6 8.a3 d6
9.f4 Be7 10.g4 h6 11.h4 Nd7 12.Qd2 b5 13.O-O-O Rb8 14.g5 b4 15.axb4 Nxb4
16.Nb3 Nc5 17.Nxc5 dxc5 18.Bc4 Bd7 19.f5 Qb7 20.b3 Bb5 21.Bxb5+ axb5 22.fxe6 fxe6
23.Kb2 hxg5 24.hxg5 Rxh1 25.Rxh1 Bf8 26.Rh8 Qe7 27.Qf2 Na6 28.Bf4 Rb7 29.Qh2 Kd7
30.Qd2+ Kc6 31.Ne2 Kb6 32.Be5 Rd7 33.Qf4 Rd8 34.Nc3 c4 35.Nb1 cxb3 36.cxb3 Nc5
37.Qf2 Kb7 38.Kc2 Qd7 39.Qe2 Rc8 40.Bc3 b4 41.Bxb4 Na4+ 42.Bc3 Nxc3 43.Nxc3 g6
44.e5 Qc6 45.Qd3 Qg2+ 46.Kb1 Qg1+ 47.Nd1 Qc5 48.Nb2 Qc1+ 49.Ka2 Ra8+ 50.Na4 Qa3+
51.Kb1 Rc8 52.Rh7+ Be7 53.Qb5+ Ka7 54.Qa5+ Kb8 55.Qb6+ Ka8 56.Qa6+ Kb8 57.Qb5+ Ka7
58.Nb2 Rc7 59.Nc4 Qa6 60.Qxa6+ Kxa6 61.Rg7 Kb5 62.Rxg6 Kc5 63.Rg7 Kc6 64.g6 Kd7
65.Rf7 Ke8 66.Kc2 Rd7 67.Nd6+ Bxd6 68.Rxd7  1-0

[Event "16th Open A"]
[Site "Zadar CRO"]
[Date "2009.12.19"]
[Round "9"]
[White "Armanda,I"]
[Black "Titz,Hei"]
[Result "1/2-1/2"]
[WhiteElo "2343"]
[BlackElo "2263"]

1.e4 c5 2.Nf3 e6 3.d4 cxd4 4.Nxd4 Nc6 5.Nc3 Qc7 6.Be2 a6 7.O-O Nf6 8.Be3 Bb4
9.Na4 Be7 10.Nxc6 bxc6 11.Nb6 Rb8 12.Nxc8 Qxc8 13.Bd4 c5 14.Be5 Rb6 15.b3 d6
16.Bc3 O-O 17.Bd3 Nd7 18.f4 Bf6 19.Bxf6 Nxf6 20.Qe2 Re8 21.e5 Nd7 22.a4 Nf8
23.a5 Rc6 24.exd6 Rxd6 25.Rad1 Red8 26.f5 Qc7 27.f6 Ng6 28.fxg7 Qxa5 29.Qf2 Qc7
30.h4 Rd4 31.Bxg6 hxg6 32.Rxd4 Rxd4 33.Qf6 Rd5 34.c4 Rf5 35.Rxf5 exf5 36.h5 Qd7
37.hxg6 Qd1+ 38.Kf2 Qd2+ 39.Kf3 Qd1+ 40.Kf2 Qc2+ 41.Kg1 Qd1+  1/2-1/2

[Event "Open Ch-Skopje"]
[Site "Skopje MKD"]
[Date "2009.12.20"]
[Round "9"]
[White "Vladimirov,V MKD"]
[Black "Petrovski,I"]
[Result "1-0"]
[WhiteElo "2217"]
[BlackElo "2016"]

1.e4 c5 2.Nc3 e6 3.Nf3 Nc6 4.d4 cxd4 5.Nxd4 Qc7 6.Be2 a6 7.O-O Nf6 8.Be3 d6
9.f4 Be7 10.Qe1 O-O 11.Rd1 Nxd4 12.Bxd4 b5 13.e5 dxe5 14.fxe5 Nd7 15.Ne4 Nxe5
16.Qg3 f6 17.Nxf6+ Rxf6 18.Bxe5 Qc5+ 19.Bd4 Rxf1+ 20.Bxf1 Qg5 21.Qc7 Bf8
22.Be2 e5 23.Rf1 Qe7 24.Qxe7 Bxe7 25.Bf3  1-0

[Event "9th Amplico Life Rapid"]
[Site "Warsaw POL"]
[Date "2009.12.20"]
[Round "9"]
[White "Gdanski,J"]
[Black "Kempinski,R"]
[Result "1-0"]
[WhiteElo "2509"]
[BlackElo "2617"]

1.e4 c5 2.Nc3 e6 3.Nge2 Nc6 4.d4 cxd4 5.Nxd4 d6 6.Bc4 Nf6 7.Be3 Be7 8.Qe2 Na5
9.Bd3 a6 10.O-O Qc7 11.a4 b6 12.f4 Bb7 13.Kh1 O-O 14.Rae1 d5 15.exd5 exd5
16.Nf5 Bc5 17.Qf2 Rfe8 18.Qg3 g6 19.Qg5 Nh5 20.Bxc5 Qxc5 21.Ne7+ Kg7 22.Ncxd5 Bxd5
23.Qxd5 Rad8 24.Bxa6 Kf8 25.Qxc5 bxc5 26.Nc8 Rxc8 27.Bxc8 Rxc8 28.f5 Rb8
29.b3 c4 30.f6 cxb3 31.cxb3 Rb6 32.Rb1 Nc6 33.b4 Nd4 34.Rb2 Ne6 35.b5 Nc5  1-0

[Event "9th Amplico Life Rapid"]
[Site "Warsaw POL"]
[Date "2009.12.20"]
[Round "13"]
[White "Llaneza Vega,M"]
[Black "Macieja,B"]
[Result "0-1"]
[WhiteElo "2514"]
[BlackElo "2627"]

1.e4 c5 2.Nc3 Nc6 3.Nf3 e6 4.d4 cxd4 5.Nxd4 Qc7 6.Be3 a6 7.Qd2 Nf6 8.O-O-O Be7
9.Be2 b5 10.Nxc6 dxc6 11.g4 e5 12.g5 Ng4 13.Rhg1 Nxe3 14.Qxe3 Qa5 15.Qg3 b4
16.Nb1 Be6 17.b3 Bc5 18.Kb2 O-O 19.Qxe5 Rfd8 20.c3 bxc3+ 21.Qxc3 Qb6 22.Qc2 Bxf2
23.Rgf1 Bd4+ 24.Nc3 a5 25.Kc1 a4  0-1

[Event "26th Open"]
[Site "Boeblingen GER"]
[Date "2009.12.26"]
[Round "1"]
[White "Klein,And"]
[Black "Strohhaeker,Rao"]
[Result "1-0"]
[WhiteElo "2074"]
[BlackElo "2443"]

1.e4 c5 2.Nf3 e6 3.d4 cxd4 4.Nxd4 Nc6 5.Nc3 Qc7 6.Be3 a6 7.Bd3 Nf6 8.O-O Ne5
9.f4 Neg4 10.Bd2 Bc5 11.Ne2 e5 12.fxe5 Qxe5 13.Bf4 Bxd4+ 14.Kh1 Qc5 15.Nxd4 Qxd4
16.e5 Nf2+ 17.Rxf2 Qxf2 18.exf6 d5 19.Qe1+ Qxe1+ 20.Rxe1+ Be6 21.fxg7 Rg8
22.Be5 Ke7 23.Rf1 f5 24.Bd4 Rae8 25.Bxf5 Bxf5 26.Rxf5 Ke6 27.Rf6+ Kd7 28.Rf7+ Ke6
29.Rxb7 Kf5 30.Kg1 h5 31.Kf2  1-0

[Event "26th Open"]
[Site "Geneva SUI"]
[Date "2009.12.26"]
[Round "1"]
[White "De Seroux,C"]
[Black "Sokolov,And1"]
[Result "0-1"]
[WhiteElo "1989"]
[BlackElo "2572"]

1.e4 c5 2.Nf3 e6 3.d4 cxd4 4.Nxd4 Nc6 5.Nc3 Qc7 6.Be3 Nf6 7.f3 a6 8.Qd2 b5
9.g4 h6 10.O-O-O Bb7 11.Rg1 Nxd4 12.Bxd4 Rc8 13.h4 Bd6 14.Kb1 Bf4 15.Qd3 d6
16.g5 Nh5 17.Bh3 Be5 18.Bxe5 dxe5 19.Ne2 g6 20.Rd2 Ng7 21.Bg4 h5 22.Bh3 O-O
23.Rgd1 f5 24.Qb3 fxe4 25.Bxe6+ Nxe6 26.Qxe6+ Qf7 27.Qxf7+ Rxf7 28.fxe4 Bxe4
29.Ng3 Rf3 30.Rd8+ Rxd8 31.Rxd8+ Kg7 32.Re8 Rf4 33.Rxe5 Rg4  0-1

[Event "59th ch-RUS w"]
[Site "Moscow RUS"]
[Date "2009.12.26"]
[Round "6"]
[White "Romanko,M"]
[Black "Stepovaia,T"]
[Result "0-1"]
[WhiteElo "2449"]
[BlackElo "2384"]

1.e4 c5 2.Nf3 e6 3.d4 cxd4 4.Nxd4 Nc6 5.Nc3 Qc7 6.Be3 a6 7.Qd2 Nf6 8.O-O-O Bb4
9.f3 Ne5 10.Nb3 b5 11.Qd4 Nc6 12.Qb6 Qxb6 13.Bxb6 Bxc3 14.bxc3 d5 15.Nc5 O-O
16.Bc7 Ra7 17.Bg3 dxe4 18.fxe4 e5 19.Be2 Rc7 20.Bf3 Nd7 21.Nxd7 Bxd7 22.Rd6 Be6
23.a3 h6 24.Rhd1 Rfc8 25.h4 Kh7 26.h5 Rb7 27.Rxe6 fxe6 28.Bg4 Rd8 29.Bxe6 Rxd1+
30.Kxd1 Re7 31.Bd5 Na5 32.Ke2 Nc4 33.a4 Rc7 34.axb5 axb5 35.Kf3 Re7 36.Bf2 Rc7
37.Bg3 Re7 38.Bf2 g6 39.hxg6+ Kxg6 40.Bc6 Nd2+ 41.Ke3 Nc4+ 42.Kf3 Rf7+ 43.Ke2 Nd6
44.Bc5 Rc7 45.Bxd6 Rxc6 46.Bxe5 Re6 47.Bb8 Rxe4+ 48.Kd3 Rg4 49.g3 Kf5 50.Bc7 h5
51.Ke3 Rc4 52.Ba5 Kg4 53.Kf2 Ra4 54.Bc7 Ra2 55.Ke3 Rxc2  0-1

[Event "XIX Magistral"]
[Site "Pamplona ESP"]
[Date "2009.12.26"]
[Round "6"]
[White "Lopez Martinez,Josep"]
[Black "Recuero Guerra,D"]
[Result "1-0"]
[WhiteElo "2589"]
[BlackElo "2494"]

1.e4 c5 2.Nf3 e6 3.d4 cxd4 4.Nxd4 Nc6 5.Nc3 Qc7 6.Be3 a6 7.Qd2 Nf6 8.O-O-O Bb4
9.f3 Ne5 10.Nb3 b5 11.Qf2 Nc4 12.Bxc4 bxc4 13.Nc5 O-O 14.N5a4 d6 15.a3 Bxc3
16.Nxc3 Rb8 17.Qg3 Ne8 18.Kb1 f5 19.Bc1 Bd7 20.Ka1 Qb6 21.Rd2 Bc6 22.Rhd1 fxe4
23.fxe4 Qc5 24.Re2 Rf7 25.Bf4 e5 26.Be3 Qa5 27.Bc1 Qc5 28.Qe1 Qa5 29.Rf2 Qc7
30.Rxf7 Qxf7 31.Qe2 Qe6 32.Qd2 Rd8 33.Qf2 h6 34.Qb6 Qc8 35.Qb4 Qe6 36.Qa5 Qc8
37.Qb4 Bb7 38.Be3 Qc6 39.Nd5 Kh7 40.Rf1 Qb5 41.Rf8 Bxd5 42.Qxb5 axb5 43.exd5 Ra8
44.Bd2 Nc7 45.Rxa8 Nxa8 46.Bb4 Nb6 47.Bxd6 e4 48.b3 cxb3 49.cxb3 Kg6 50.Kb2 Nxd5
51.a4 bxa4 52.bxa4 Kf6 53.a5 Ke6 54.Bf8 Kf7 55.Bc5 Nc7 56.Kc3 Ke6 57.Kd4 Kf5
58.Kc4 g5 59.Bd6 Na8 60.Kc5  1-0

[Event "Christamas Open Masters"]
[Site "Zurich SUI"]
[Date "2009.12.26"]
[Round "1"]
[White "Kummle,T"]
[Black "Pelletier,Y"]
[Result "0-1"]
[WhiteElo "2164"]
[BlackElo "2589"]

1.e4 c5 2.Nf3 e6 3.d4 cxd4 4.Nxd4 Nc6 5.Nc3 Qc7 6.g3 a6 7.Bg2 Nge7 8.Nde2 Ng6
9.O-O Bc5 10.Na4 Ba7 11.c4 b5 12.cxb5 axb5 13.Nac3 Rb8 14.a4 bxa4 15.Qxa4 Bc5
16.Nb5 Qb6 17.Nec3 O-O 18.Na3 Nb4 19.Nc4 Qc7 20.Ne3 Nd3 21.Ned1 Qd6 22.Kh1 Nxc1
23.Rxc1 Ba6 24.Rg1 Ne5 25.Ra1 Ra8 26.Qc2 Bd3 27.Qc1 Rxa1 28.Qxa1 Ng4 29.Qc1 Bxf2
30.Qd2 Bxg1 31.Kxg1 Qc5+  0-1

[Event "39th Rilton Cup"]
[Site "Stockholm SWE"]
[Date "2009.12.27"]
[Round "1"]
[White "Vaarala,E"]
[Black "De Verdier,M"]
[Result "0-1"]
[WhiteElo "2032"]
[BlackElo "2270"]

1.e4 c5 2.Nf3 e6 3.d4 cxd4 4.Nxd4 Nc6 5.Nc3 Qc7 6.Be2 a6 7.Be3 Nf6 8.O-O b5
9.a4 b4 10.Na2 Bb7 11.Nxc6 Bxc6 12.Qe1 Bxe4 13.f3 Nd5 14.Bd4 Bxc2 15.Rc1 b3
16.Nc3 Bc5 17.Qd2 Bxd4+ 18.Qxd4 Nxc3 19.bxc3 Qa7 20.Bd1 Qxd4+ 21.cxd4 b2
22.Bxc2 bxc1=Q 23.Rxc1 Rc8 24.Rb1 Ke7 25.Bd3 Rb8 26.Rxb8 Rxb8 27.Bxa6 Rb4
28.Bb5 Rxd4 29.Kf2 Rd2+ 30.Kf1 Kd6 31.Be2 Rxe2 32.Kxe2 Kc5 33.Kd3 Kb4 34.Kd4 d6
35.f4 Kxa4 36.g4 Kb5 37.h4 Kc6 38.h5 g6 39.hxg6 hxg6 40.g5 Kb5 41.Ke3 Kc4
42.Ke4 Kc5 43.Ke3 Kd5 44.Kd3 e5  0-1

[Event "Christamas Open Masters"]
[Site "Zurich SUI"]
[Date "2009.12.27"]
[Round "3"]
[White "Zude,A"]
[Black "Pelletier,Y"]
[Result "0-1"]
[WhiteElo "2461"]
[BlackElo "2589"]

1.e4 c5 2.Nf3 e6 3.d4 cxd4 4.Nxd4 Nc6 5.Nc3 Qc7 6.Be3 a6 7.Qd2 Nf6 8.O-O-O Bb4
9.f3 Ne5 10.Nb3 b5 11.Qe1 Be7 12.f4 Ng6 13.e5 Ng4 14.Ne4 O-O 15.Bd3 Bb7 16.g3 f6
17.exf6 gxf6 18.Rg1 f5 19.Ned2 Nxh2 20.Qe2 Ng4 21.Bd4 Rac8 22.Kb1 Bd5 23.Rc1 Bc4
24.Bc3 Bxd3 25.cxd3 Qb6 26.Bd4 Qb7 27.Qf3 Qxf3 28.Nxf3 Rfe8 29.Rh1 d6 30.Rce1 e5
31.fxe5 dxe5 32.Nxe5 Bb4 33.Nxg4 Rxe1+ 34.Rxe1 Bxe1 35.Nh6+ Kf8 36.Nxf5 Ne7
37.Nd6 Rc6 38.Ne4 Rg6 39.Be5 Nf5 40.Nf6 Bxg3 41.Nxh7+ Kf7 42.d4 Bh4  0-1

[Event "39th Rilton Cup"]
[Site "Stockholm SWE"]
[Date "2009.12.28"]
[Round "2"]
[White "Mardell,Ji"]
[Black "Johansson,G1"]
[Result "1/2-1/2"]
[WhiteElo "2182"]
[BlackElo "2234"]

1.e4 c5 2.Nf3 e6 3.Nc3 Nc6 4.d4 cxd4 5.Nxd4 Qc7 6.Be3 a6 7.Bd3 Nf6 8.O-O Ne5
9.Nf3 Neg4 10.Bd2 d6 11.Qe2 Be7 12.h3 Ne5 13.Nxe5 dxe5 14.Kh1 O-O 15.f4 Bd6
16.f5 b5 17.fxe6 fxe6 18.a4 b4 19.Na2 Rb8 20.Bg5 a5 21.c3 bxc3 22.Nxc3 Bc5
23.Nb5 Qe7 24.Rac1 Bd7 25.Rc2 Rbc8 26.Rfc1 Bb6 27.Rxc8 Rxc8 28.Rxc8+ Bxc8
29.Qc2 Bb7 30.Qc3 Qc5 31.Qxc5 Bxc5 32.Nc3 Bb4 33.Bd2 Bxc3 34.Bxc3 Nxe4 35.Bxe4 Bxe4  1/2-1/2

[Event "Christamas Open Masters"]
[Site "Zurich SUI"]
[Date "2009.12.28"]
[Round "4"]
[White "Eschbach,D"]
[Black "Weiler,D"]
[Result "1-0"]
[WhiteElo "2426"]
[BlackElo "2204"]

1.e4 c5 2.Nf3 Nc6 3.d4 cxd4 4.Nxd4 e6 5.Nc3 Qc7 6.Ndb5 Qb8 7.Be3 Nf6 8.f4 a6
9.e5 axb5 10.exf6 gxf6 11.Nxb5 b6 12.Be2 d5 13.O-O Bc5 14.Qd2 Ra4 15.c4 Bxe3+
16.Qxe3 dxc4 17.Qc3 Bd7 18.Qxf6 Rg8 19.Bh5 Nd8 20.Rad1 Rg6 21.Bxg6 hxg6 22.Nd6+ Kf8
23.Nxf7  1-0

[Event "26th Open"]
[Site "Boeblingen GER"]
[Date "2009.12.29"]
[Round "6"]
[White "Wagener,Cl"]
[Black "Mutschnik,I"]
[Result "1/2-1/2"]
[WhiteElo "2262"]
[BlackElo "2439"]

1.e4 c5 2.Nf3 e6 3.Nc3 Nc6 4.d4 cxd4 5.Nxd4 Qc7 6.Be3 a6 7.Bd3 Nf6 8.O-O Ne5
9.Nf3 Nfg4 10.Nxe5 Nxe3 11.Qh5 g6 12.Qf3 Qxe5 13.fxe3 f6 14.Qxf6 Qxf6 15.Rxf6 Bg7
16.Rf3 b5 17.Nd1 Bb7 18.c3 Ke7 19.a4 Bc6 20.axb5 axb5 21.Rxa8 Rxa8 22.Kf1 Be5
23.g3 h5 24.Rf2 g5 25.Ke2 g4 26.Kd2 Rh8 27.Rg2 Kd6 28.Nf2 b4 29.cxb4 Rb8
30.b3 Rxb4 31.Bc2 Rb8 32.Rg1 Ra8 33.h3 gxh3 34.Nxh3 Ra2 35.Nf2 Ke7 36.Nd3 Bxe4
37.Nb4 Rb2 38.Nd3 Bxd3 39.Kxd3 Kf6 40.Rh1 Kg5  1/2-1/2

[Event "26th Open"]
[Site "Boeblingen GER"]
[Date "2009.12.29"]
[Round "7"]
[White "Mutschnik,I"]
[Black "Mueller,Ra1"]
[Result "1-0"]
[WhiteElo "2439"]
[BlackElo "2410"]

1.e4 c5 2.Nf3 e6 3.d4 cxd4 4.Nxd4 Nc6 5.Nc3 Qc7 6.Be3 a6 7.Qd2 Nf6 8.O-O-O Be7
9.f3 h5 10.Kb1 d6 11.Bg5 Bd7 12.f4 Nxd4 13.Qxd4 Bc6 14.Be2 O-O-O 15.Bf3 Kb8
16.h3 h4 17.Rhe1 Nh5 18.Bxe7 Qxe7 19.Bxh5 Rxh5 20.Qxg7 Rhh8 21.Nd5 Qf8 22.Qxf8 Rdxf8
23.Nb4 Kc7 24.Nxc6 bxc6 25.c4 Rfg8 26.Rd2 Rg3 27.Kc2 Rhg8 28.Ree2 R8g6 29.Rf2 Re3
30.Rde2 Rgg3 31.Rxe3 Rxe3 32.e5 f5 33.exf6 Kd7 34.f5 e5 35.Rd2 Re4 36.f7 Ke7
37.Rxd6 Rxc4+ 38.Kd3 Rb4 39.b3 Kxf7 40.Rxc6 a5 41.Rc4  1-0

[Event "39th Rilton Cup"]
[Site "Stockholm SWE"]
[Date "2009.12.29"]
[Round "3"]
[White "Markevich,I"]
[Black "Angskog,K"]
[Result "1-0"]
[WhiteElo "2162"]
[BlackElo "2229"]

1.e4 c5 2.Nf3 e6 3.Nc3 Nc6 4.d4 cxd4 5.Nxd4 Qc7 6.g3 d6 7.Bg2 Bd7 8.O-O Be7
9.Be3 Nf6 10.Qe2 O-O 11.Rad1 a6 12.f4 Rac8 13.Nb3 b5 14.g4 d5 15.exd5 exd5
16.g5 Bg4 17.Bf3 Bxf3 18.Qxf3 Ne8 19.Nxd5 Qb8 20.Nb6 Nd6 21.Nxc8 Rxc8 22.c3 Nc4
23.Rd7 Bf8 24.Nd4 Nd8 25.b3 Nxe3 26.Qxe3 b4 27.cxb4 Qxb4 28.Qe8 Qb6 29.Kg2 a5
30.Rf2 h6 31.h4 a4 32.gxh6 Qg6+ 33.Kh2 Rc3 34.Ne2 Qg4 35.Nxc3 Qxh4+ 36.Kg1 Qg3+
37.Rg2  1-0

[Event "39th Rilton Cup"]
[Site "Stockholm SWE"]
[Date "2009.12.29"]
[Round "3"]
[White "Agrest,I"]
[Black "De Verdier,M"]
[Result "0-1"]
[WhiteElo "2180"]
[BlackElo "2270"]

1.e4 c5 2.Nf3 e6 3.d4 cxd4 4.Nxd4 Nc6 5.Nc3 Qc7 6.Be3 a6 7.Qd2 Nf6 8.f3 Bb4
9.a3 Be7 10.g4 b5 11.g5 Nh5 12.Nxc6 dxc6 13.f4 h6 14.O-O-O hxg5 15.fxg5 e5
16.g6 fxg6 17.Qg2 O-O 18.Qxg6 Nf4 19.Bxf4 exf4 20.Rg1 Bc5 21.Rg5 Be3+ 22.Kb1 Qf7
23.Qxc6 Bb7 24.Qd7 f3 25.Rg3 Bf2 26.Rg5 Be3 27.Rf5 Qxd7 28.Rxd7 Rxf5 29.exf5 Rb8
30.h4 Bc5 31.h5 Re8 32.Bd3 Ba8 33.Ka2 f2 34.h6 gxh6 35.f6 Re3 36.Bf1 Re1
37.Bd3 Re3 38.Bf1 Re1 39.Bd3 Bc6 40.Rc7 Re3 41.Bf1 Re6 42.a4 Rxf6 43.axb5 axb5
44.Nxb5 Bb6 45.Rc8+ Kg7 46.Na3 Re6 47.Rb8 Re1 48.Ba6 Bd5+ 49.b3 Bd4 50.Nb1 Bf3
51.Rd8 Be2 52.Rd7+ Kf8  0-1

[Event "26th Open"]
[Site "Boeblingen GER"]
[Date "2009.12.30"]
[Round "8"]
[White "Vatter,H"]
[Black "Messner,H"]
[Result "1-0"]
[WhiteElo "2321"]
[BlackElo "2100"]

1.e4 c5 2.Nf3 e6 3.d4 cxd4 4.Nxd4 Nc6 5.Nc3 Qc7 6.Be3 a6 7.Qd2 Nf6 8.f3 Bb4
9.a3 Be7 10.g4 O-O 11.g5 Ne8 12.f4 Nxd4 13.Qxd4 d6 14.Qd2 b5 15.Bg2 Bb7 16.O-O d5
17.e5 Bc5 18.Bxc5 Qxc5+ 19.Qf2 Qxf2+ 20.Rxf2 g6 21.Ne2 Ng7 22.Bh3 Rac8 23.Nd4 Rc4
24.c3 Rb8 25.Rd2 Bc8 26.Kf2 Bd7 27.Bf1 Rc7 28.Bd3 Ne8 29.Ke3 Rcc8 30.Rc2 Nc7
31.h4 Na8 32.h5 Nb6 33.Rh1 Na4 34.hxg6 hxg6 35.Bxg6 Kg7 36.Rh7+  1-0

[Event "26th Open"]
[Site "Boeblingen GER"]
[Date "2009.12.30"]
[Round "9"]
[White "Hirneise,J"]
[Black "Mueller,Ra1"]
[Result "1/2-1/2"]
[WhiteElo "2293"]
[BlackElo "2410"]

1.e4 c5 2.Nf3 e6 3.d4 cxd4 4.Nxd4 Nc6 5.Nc3 Qc7 6.Be2 a6 7.Be3 Nf6 8.a3 b5
9.Nxc6 dxc6 10.f4 Bb7 11.O-O c5 12.e5 Ne4 13.Nxe4 Bxe4 14.c4 Qc6 15.Qb3 bxc4
16.Bxc4 g6 17.Rf2 Be7 18.Rd1 O-O 19.Rfd2 Rab8 20.Qc3 Rfd8 21.Qa5 Rxd2 22.Rxd2 Ra8
23.h3  1/2-1/2

[Event "39th Rilton Cup"]
[Site "Stockholm SWE"]
[Date "2009.12.30"]
[Round "4"]
[White "Andersen,Mad"]
[Black "Johansson,G1"]
[Result "1-0"]
[WhiteElo "2294"]
[BlackElo "2234"]

1.e4 c5 2.Nf3 e6 3.d4 cxd4 4.Nxd4 Nc6 5.Nc3 Qc7 6.Be3 a6 7.Qd2 Nf6 8.O-O-O Bb4
9.f3 Ne5 10.Nb3 b5 11.Qe1 Be7 12.f4 Ng6 13.e5 Ng4 14.Ne4 O-O 15.Bc5 Bb7 16.h3 Nh6
17.Bxe7 Nxe7 18.Bd3 f6 19.exf6 gxf6 20.Qh4 Kg7 21.Ng3 Ng6 22.Nh5+ Kh8 23.Bxg6 hxg6
24.Nxf6  1-0

[Event "39th Rilton Cup"]
[Site "Stockholm SWE"]
[Date "2009.12.31"]
[Round "5"]
[White "Von Bahr,O"]
[Black "Markevich,I"]
[Result "1/2-1/2"]
[WhiteElo "2316"]
[BlackElo "2162"]

1.e4 c5 2.Nf3 e6 3.d4 cxd4 4.Nxd4 Nc6 5.Nc3 Qc7 6.Be2 a6 7.Be3 Nf6 8.O-O Bb4
9.Na4 O-O 10.c4 Be7 11.Nc3 d6 12.Rc1 Nxd4 13.Qxd4 Bd7 14.Rfd1 Rfd8 15.f3 Rac8
16.a4 Qb8 17.b4 Be8 18.Qa7 d5 19.Qxb8 Rxb8 20.e5 Nd7 21.cxd5 Bxb4 22.f4 Nf8
23.dxe6 fxe6 24.Rxd8 Rxd8 25.Na2 Bd2 26.Bxd2 Rxd2 27.Nc3  1/2-1/2

[Event "85th Masters"]
[Site "Hastings ENG"]
[Date "2010.01.01"]
[Round "5"]
[White "Rayner,F"]
[Black "Strunski,A"]
[Result "0-1"]
[WhiteElo "2153"]
[BlackElo "2386"]

1.e4 c5 2.Nf3 e6 3.d4 cxd4 4.Nxd4 Nc6 5.Nc3 Qc7 6.g3 a6 7.Bg2 Nf6 8.O-O d6
9.Re1 Nd7 10.b3 Be7 11.Bb2 Bf6 12.Nce2 O-O 13.c4 Nxd4 14.Nxd4 Rb8 15.Qd2 b6
16.Rad1 Bb7 17.f4 Rfd8 18.Kh1 Rbc8 19.Qe2 Qb8 20.f5 Bxd4 21.Bxd4 e5 22.Bf2 Bc6
23.g4 b5 24.Bh4 f6 25.g5 fxg5 26.Bxg5 Nf6 27.Bxf6 gxf6 28.Qg4+ Kh8 29.Qh4 Rf8
30.Re3 Rcd8 31.Rg3 bxc4 32.bxc4 Rd7 33.Qh6 Rdf7 34.Rg1 Qb7 35.Rg4 Rg8 36.Rg6 Rfg7
37.Rxg7 Qxg7 38.Qxg7+ Rxg7 39.Rd1 Rd7 40.Rb1 Rb7 41.Rd1 Ba4 42.Rxd6 Rb1+
43.Bf1 Rxf1+ 44.Kg2 Rc1 45.Rxf6 Rxc4 46.Rxa6 Kg7 47.Ra7+ Kf6 48.Ra6+ Bc6
49.Kg3 h6 50.h4 h5 51.a4 Ke7 52.a5 Rc3+ 53.Kf2 Rc4 54.Ra7+ Kd6 55.Rh7 Rxe4
56.Rxh5 Ra4 57.Rh6+ Kc5 58.f6 Bd5 59.h5 Rxa5 60.Rg6 Ra2+ 61.Ke3 Ra3+ 62.Kf2 Rf3+
63.Ke2 Rh3 64.h6 Kd4 65.Kf2 Rh2+ 66.Kg1 Rh1+ 67.Kf2 e4 68.Ke2 Rh2+ 69.Ke1 e3
70.Rg4+ Kd3 71.f7 e2  0-1

[Event "22nd Open"]
[Site "Staufer GER"]
[Date "2010.01.03"]
[Round "4"]
[White "Namyslo,H"]
[Black "Teske,H"]
[Result "1/2-1/2"]
[WhiteElo "2317"]
[BlackElo "2547"]

1.e4 c5 2.Nf3 Nc6 3.d4 cxd4 4.Nxd4 e6 5.Nc3 Qc7 6.Be2 a6 7.Be3 Nf6 8.O-O Bb4
9.Na4 O-O 10.Nxc6 bxc6 11.f4 a5 12.Bd3 d5 13.e5 Nd7 14.c4 Be7 15.Rc1 Bb7
16.c5 Ba6  1/2-1/2

[Event "39th Rilton Cup"]
[Site "Stockholm SWE"]
[Date "2010.01.03"]
[Round "7"]
[White "Ponkratov,P"]
[Black "Shimanov,A"]
[Result "1-0"]
[WhiteElo "2575"]
[BlackElo "2535"]

1.e4 c5 2.Nf3 e6 3.d4 cxd4 4.Nxd4 Nc6 5.Nc3 Qc7 6.Be3 Nf6 7.f4 Bb4 8.Nb5 Qa5
9.e5 Nd5 10.Bd2 Nxc3 11.Nxc3 d5 12.Bd3 Bd7 13.O-O Ne7 14.a3 Bxc3 15.Bxc3 Qb6+
16.Kh1 Bb5 17.Bb4 Bxd3 18.cxd3 Nf5 19.Rc1 Qb5 20.Rc7 a5 21.Qc1 f6 22.Bc5 b6
23.a4 Qxa4 24.Ba3 h5 25.exf6 gxf6 26.b3 Qb5 27.Re1 Kd8 28.Rxe6 Re8 29.Rec6 d4
30.h3 h4 31.Kh2 Rg8 32.Rb7 Qd5 33.Rd6+  1-0

[Event "ch-AUS"]
[Site "Sydney AUS"]
[Date "2010.01.03"]
[Round "2"]
[White "Lane,G"]
[Black "Zhao Zong Yuan"]
[Result "0-1"]
[WhiteElo "2377"]
[BlackElo "2572"]

1.e4 c5 2.Nf3 e6 3.d4 cxd4 4.Nxd4 Nc6 5.Nc3 Qc7 6.f4 a6 7.Nxc6 Qxc6 8.Bd3 b5
9.Qe2 Bb7 10.Bd2 Bc5 11.O-O-O Ne7 12.Qh5 Rc8 13.Kb1 b4 14.Ne2 O-O 15.g4 a5
16.e5 Ng6 17.Ng3 Qg2 18.Bc1 a4 19.f5 exf5 20.Rd2 Qc6 21.gxf5 Nxe5 22.Be4 Qb6
23.f6 Bxe4 24.Nxe4 Rfe8 25.Rg2 g6 26.Qh3 Qe6 27.Qg3 Qf5 28.Nxc5 Rxc5 29.Qe3 Rcc8
30.Re1 Qxf6 31.Qd4 b3 32.Rf2 bxc2+ 33.Ka1 Qe6 34.Rfe2 d6 35.h4 Rc4 36.Qf2 Qg4
37.Qf6 Re6 38.Qd8+ Kg7 39.h5 Qxh5 40.Rg2 a3 41.b3 Qh3  0-1

[Event "ch-AUS"]
[Site "Sydney AUS"]
[Date "2010.01.03"]
[Round "2"]
[White "Lane,G"]
[Black "Zhao Zong Yuan"]
[Result "0-1"]
[WhiteElo "2377"]
[BlackElo "2572"]

1.e4 c5 2.Nf3 e6 3.d4 cxd4 4.Nxd4 Nc6 5.Nc3 Qc7 6.f4 a6 7.Nxc6 Qxc6 8.Bd3 b5
9.Qe2 Bb7 10.Bd2 Bc5 11.O-O-O Ne7 12.Qh5 Rc8 13.Kb1 b4 14.Ne2 O-O 15.g4 a5
16.e5 Ng6 17.Ng3 Qg2 18.Bc1 a4 19.f5 exf5 20.Rd2 Qc6 21.gxf5 Nxe5 22.Be4 Qb6
23.f6 Bxe4 24.Nxe4 Rfe8 25.Rg2 g6 26.Qh3 Qe6 27.Qg3 Qf5 28.Nxc5 Rxc5 29.Re1 Rcc8
30.Rge2 d6  0-1

[Event "ch-NZL"]
[Site "Auckland NZL"]
[Date "2010.01.05"]
[Round "4"]
[White "Milligan,H"]
[Black "Watson,B"]
[Result "0-1"]
[WhiteElo "1972"]
[BlackElo "2270"]

1.e4 c5 2.Nf3 e6 3.d4 cxd4 4.Nxd4 Nc6 5.Nc3 d6 6.Be3 Nf6 7.Bd3 Be7 8.O-O O-O
9.Kh1 e5 10.Nde2 a6 11.Bg5 Nxe4 12.Bxe7 Nxc3 13.Nxc3 Nxe7 14.f4 exf4 15.Rxf4 Qa5
16.Qf3 Be6 17.Rf1 Ng6 18.Bxg6 hxg6 19.Ra4 Qb6 20.b3 Rac8 21.Rh4 Qc5 22.Ne4 Qf5
23.Qd3 Qd5 24.Qg3 Qe5 25.Rhf4 Rxc2 26.Ng5 Rc5 27.Nf3 Qe3 28.Rd4 Rc1 29.Rdd1 Rxd1
30.Rxd1 d5 31.Qh4 Qe4 32.Qg3 Rc8 33.h3 Qe3 34.Qh4 f6 35.Qb4 Rc1 36.Rxc1 Qxc1+
37.Kh2 Qc7+ 38.Kh1 Qc1+ 39.Kh2 Qc7+ 40.Kh1 g5 41.Nd4 Qc1+ 42.Kh2 Qf4+ 43.Kh1 Qe4
44.Kh2 Qe5+ 45.Kh1 Bf5 46.Qb6 Be4 47.Ne6 Qg3  0-1